Statistics for Wonderlic Style IQ Test

Click here to take the quiz!

General Stats

  • This quiz has been taken 51,579 times
  • The average score is 33 of 50

Answer Stats

QuestionAnswer% Correct
What is 42 times 3?126
96%
What is the length of the red line in this diagram?
9
95%
Which number is the largest?Eleven billion
95%
Which of the following dates is the earliest?July 17th, 1943
95%
Are these two words similar, contradictory, or unrelated?
AGILE
GENEROSITY
Unrelated
95%
What word means the opposite of delighted?Displeased
92%
Which word has an opposite meaning to "hazardous"?Secure
92%
Which word best completes this sentence: "Many villages were _______ in the widespread forest fires."Incinerated
91%
Complete the analogy. Duck is to bird as ...Chair is to furniture
87%
New York is three hours ahead of Los Angeles. It is 2:00 AM in New York. What time is it in Los Angeles?11:00 PM
85%
Which word is most similar to intricate?Complicated
84%
The time is currently 4:44. In how many minutes will it be 5:55?71
82%
Complete the analogy. Guitar is to piano as ...Milk is to juice
82%
Which of these percentages is closest to 3/7?40%
79%
What is the 9th month of the year?September
79%
Which number comes next in this series: 5, 12, 26, 54?110
78%
What is 116.7812 rounded to the nearest tenths place?116.8
78%
Are these two words similar, contradictory, or unrelated?
CONSTRUCT
DISMANTLE
Contradictory
78%
What is 4/5 times 1/4?1/5
76%
A tree grows 3 feet per year. Five years from now it will be 21 feet tall. How tall is it now?6 feet
76%
Arrange the following words to make a complete sentence.
allowed
he
win
game
had
Sarah
the
to
Which word comes before "Sarah"?
Allowed
76%
Every other Friday, Kevin is paid $3,000. About how much does he earn in a year?$78,000
75%
If you fold these squares into a cube, which corner would touch X?
A
74%
Which of the following proverbs has a meaning that is contradictory to "the pen is mightier than the sword"?Actions speak louder than words
74%
What letter is halfway between N and V?R
74%
Which of these is equal to 57.4%?0.574
73%
Together Sam and Sarah have $1,000. Sam has $500 more than Sarah. How much does Sarah have?$250
71%
How many 3x2 tiles are needed to cover a floor that is 12x15?30
68%
What is 1/2 + 1/3 + 1/4?13/12
66%
John owns several cars, which have a total value of $100,000. His most expensive car is worth $20,000. Which of the following statements cannot be true?John owns exactly 4 cars
65%
Which word doesn't belong?Miserly
61%
Complete the analogy. 9 is to 81 as 119 is to _____14,161
60%
If the first two statements are true, is the third statement also true?
  1. John is taller than Wayne
  2. John is shorter than Sarah
  3. Wayne is shorter than Sarah
Yes
60%
All red-haired people play basketball. None of the basketball players are children. What conclusion can we draw from these statements?None of the red-haired people are children
59%
Which of these words does not belong with the others?Fan
58%
Which word has a similar meaning to "boisterous"?Noisy
56%
Andre and four of his friends went out for breakfast. The total bill was $75. If they split the bill equally, how much did Andre pay?$15.00
52%
What number times itself is equal to 1369?37
45%
150
41%
Over the last five years, the North American Widget Company has sold 17, 24, 26, 41, and 71 widgets respectively. Which graph best depicts this trend?
40%
Which of these lists of numbers adds up to 73?11, 18, 14, 30
39%
Which word does not belong?Abstract
39%
What is -4 times -4?16
36%
Maria drove 100 miles at 50 miles an hour, and then drove 200 miles at 25 miles an hour. What was her average speed?30 mph
35%
Organic eggs cost $4 / dozen and regular eggs cost $3 / dozen. Jason spent $11 to buy 36 eggs. How many of the eggs he bought were organic?24
34%
Sally paid for a coffee with a $10 bill and received $7.29 in change. How much did the coffee cost?$2.71
34%
What comes next in this series?
33%
If you flip a coin three times, what are the odds it will land on heads at least once?7/8
28%
Jessica can mow 4 lawns every 3 hours and earns $11 for every lawn she mows. If she mows lawns for 12 hours, how much will she earn?176
26%
Only 20% of farms have good soil. But these farms produce 80% of the crops. How many times more productive is a farm with good soil than one without?16 times
18%

Score Distribution

Percentile by Number Answered

Percent of People with Each Score

Your Score History

You have not taken this quiz